000 00876cam a2200301 a 4500
001 22408
003 SK-KTurca
005 20260327153211.0
008 240313s2012 xo g 000 f slo
015 _aSNBA2013/07
020 _a9788089482610
_q(viaz.)
035 _a9597B7BD-C826-444D-B228-1DB0AA68D525
035 _aurn:nbn:sk:snk-amjlam
035 _aurn:nbn:sk:snk-am001t6p
040 _aPOKPOH
_bslo
_cPOKPOH
_dSNK
_eAACR2
041 0 _aslo
044 _axo
_cSK
072 7 _a821.162.4-3
_xSlovenská próza
_2konspekt
080 _a821.162.4-31
_22001
100 1 _aKrištofíková, Adriana
_4aut
245 1 0 _aŽivot (nie) je román
_cAdriana Krištofíková
250 _a1. vyd.
260 _aBratislava
_bMotýľ
_c2012
300 _a156 s.
_c21 cm
655 7 _aslovenské romány
_2SNKPH
655 7 _aSlovak fiction
_2SNKPHeng
942 _2ddc
_cKLDO
_n0
999 _c22408
_d22408